000 00530nam a2200169 i 4500
001 131106
003 ES-MaACL
005 20230906193921.0
007 t|
008 070214s1911 sp r ||||1| spa d
100 1 _aRodado Gómez, José.
_998094
245 1 0 _aProfilaxis de la viruela ovina y progreso ganadero /
_cmemoria presentada por José Rodado Gómez.
260 _aToledo :
_b[s.n.],
_c1911 (
_fHijos de J. Pelèz)
300 _a16 p.
650 0 4 _aGanado vacuno-
_xEnfermedades.
_913028
852 _aES-MaACL
_j1647-F-10
999 _c131106
_d131106